000 01050nab a22003017a 4500
001 236
005 20251119110702.0
006 a|||||r|||| 00| 0
007 c| aa aaaaa
008 250218b |||||||| |||| 00| 0 eng d
040 _aAR-EsCIE
_cAR-EsCIE
245 1 4 _aThe global forest health crises : a public good social dilemma in need of international collective action
650 4 _aENFERMEDADES DE LAS PLANTAS
_9176
700 1 _aWilliams, Geoffrey
_9405
700 1 _aGinzel, Matthew D.
_9480
700 1 _aLovett, Gary M.
_9484
700 1 _aPildain, María Belén,
_d1972-
_922
700 1 _aRaffa, Kenneth F.
_9493
700 1 _aGandhi, Kamal J. K.
_9494
700 1 _aSantini, Alberto
_9495
700 1 _aSniezko, Richard A.
_9496
700 1 _aWingfield, Michael J.
_9497
700 1 _aBonello, Pierlugi
_9498
773 _gVol. 61 (2023) p. 377-401
_t Annual review of phytopathology
856 _uhttps://www.annualreviews.org/content/journals/10.1146/annurev-phyto-021722-024626
910 _aPG20250219
942 _2ddc
_cCF
_n0
999 _c236
_d236